| 000 | 00448nam a22001577a 4500 | ||
|---|---|---|---|
| 999 |
_c10487 _d10487 |
||
| 003 | GBCCL | ||
| 005 | 20241126110733.0 | ||
| 008 | 240814b ||||| |||| 00| 0 eng d | ||
| 040 | _cgbc | ||
| 082 |
_aARC GBC-2023 _bGON |
||
| 100 |
_aGonmei, Damaris _918262 |
||
| 245 | _aA biblical study of trance practice and its implications for believers | ||
| 260 |
_aNew Lamka : _bGrace Bible college, _c2023 |
||
| 300 |
_a53p. ; _c28cm |
||
| 942 |
_2ddc _cTH |
||